[Event "Mittelfranken-chTB2a 0809"]
[Site "Mittelfranken"]
[Date "2009.02.08"]
[Round "6.7"]
[White "Heinkelmann, Josef"]
[Black "Reiser, Thomas"]
[Result "1/2-1/2"]
[WhiteElo "1804"]
[BlackElo "1535"]
[PlyCount "80"]
[EventDate "2008.10.12"]
[EventType "team"]
[EventRounds "9"]
[EventCountry "GER"]
[SourceTitle "EXT 2011"]
[Source "ChessBase"]
[SourceDate "2010.11.26"]
[SourceVersion "1"]
[SourceVersionDate "2010.11.26"]
[SourceQuality "1"]
[WhiteTeam "Forchheim III"]
[BlackTeam "Herzogenaurach"]
[WhiteTeamCountry "GER"]
[BlackTeamCountry "GER"]

1. c4 e5 2. Nc3 Nc6 3. Nf3 Nf6 4. g3 d6 5. Bg2 Be7 6. d4 exd4 7. Nxd4 Nxd4 8. Qxd4 c6 9. 0-0 0-0 10. Bf4 Be6 11. Rad1 Qb6 12. b3 Rfd8 13. e4 Rd7 14. Qd3 Rad8 15. Be3 Qa5 16. Qc2 d5 17. cxd5 cxd5 18. e5 Ng4 19. Bd4 Rc7 20. Qd3 Bc5 21. Nb5 Bxd4 22. Nxc7 Bxf2+ 23. Kh1 Qxc7 24. h3 Nxe5 25. Qe2 Bxg3 26. Rc1 Nc6 27. b4 Qe5 28. Qb5 Qb8 29. a3 h6 30. Rcd1 Ne7 31. Qc5 Bh4 32. Qd4 Nf5 33. Rxf5 Bxf5 34. Qxh4 Be6 35. Qd4 b6 36. Rg1 g6 37. Re1 Qc8 38. h4 Qd7 39. Re3 Rc8 40. Qf6 Rc1+ 1/2-1/2